000 00929cam a2200325Mi 4500
001 85532
005 20230411090044.0
008 090406s2009 sp 100 0 spa d
035 _a(OCoLC)ocn318031666
040 _aC3L
_cC3L
_dPL#
020 _a9788498365061
020 _a8498365066
029 0 _aC3L
_b60670035
029 1 _aPL#
_b090003705
035 _a(OCoLC)318031666
045 _ax4x-
082 1 4 _a346
_221
049 _aGRAL
245 0 0 _aEstudios jurâidicos sobre persona y familia /
_ccoord. Marâia Teresa Areces Piänol.
260 _aGranada :
_bComares,
_c2009.
300 _a384 p. ;
_c24 cm.
440 0 _aReligiâon, derecho y sociedad
500 _aProceedings.
700 1 _aAreces Piänol, Marâia Teresa.
938 _aCasalini Libri
_bCASA
_n60670035
_c30.00 EUR
938 _aPuvill Libros
_bPUVL
_n9788498365061
_c$46.44
942 _2lcc
_cbk
994 _aC0
_bDRFGD
946 _aweb
999 _c111680
_d111680